000 00469nam a2200181Ia 4500
001 17655
005 20260306171533.0
008 260306s9999||||xx |||||||||||||| ||und||
041 _aESP
082 _a658.15
_bA64 T. 2
100 _aApaza Meza, Mario
_eAUT
245 0 _aGestión financiera empresarial :
_banálisis, modelos y programas en Excel
260 _c2006
300 _apágs. :
_c24 cm.
650 _aGEN
654 _aCAN
942 _cLIB
_dJUS
_fJUS
_2ddc
_n
999 _c17655
_d17655